000 00889nam a2200253 i 4500
003 DO-SdBNP
005 20240903100304.0
007 ta
008 240903s1999 dr ac 000 j spa d
040 _aDO-SdBNP
_bspa
_cBNPHU
_erda
082 _bP438c
_222
100 1 _aPérez Stefan, Reynolds J
_938778
_d1961-
_eautor
245 1 3 _aLa Concepción de La Vega Real en el meridiano histórico de la Universidad /
_cReynolds J. Pérez Stefan
250 _a1a. edición
264 1 _aLa Vega, República Dominicana :
_bImpresora Universal,
_c1999.
300 _a419 páginas,
_bilustraciones, retratos
_c18 cm.
336 _2rdacontent
_atexto
_btxt
337 _2rdamedia
_asin mediación
_bn
338 _2rdacarrier
_avolumen
_bnc
500 _aIncluye datos biográficos del autor en la página 398-408.
590 _aInventariado, 2024/ YL
910 _aYLockward
942 _2ddc
_cLBS1
999 _c57606
_d57606